LEADER 01196nam a2200265 u 4500 001 000000110196 003 CaOOAMICUS 005 20080229121008.0 008 080229s1993 it u000 u ita u 020 $a88-7168-083-9 040 $aPUL$bita$dLDB 245 00$aLouis Althusser :$bermeneutica filosofica e interpretazione pscicoanalitica /$ca cura di Paolo D'Alessandro. 260 $aCaltanissetta :$bSolidarietą,$c2004. 300 $a238 p. ;$c20 cm. 490 1 $aCollana dei saggi ;$v15 504 $aBibliografia : p. 299-331. 600 14$aAlthusser, Louis,$d1918-$0(OLS)http://pul/subject/7892 700 1 $aD'Alessandro, Paolo.$0(OLS)http://pul/name/67511 830 0$aCollana dei saggi ;$v15.$0(OLS)http://pul/title/138555 850 $aPUL 852 $aPUL$W1$xSL Diritto e Scienze Sociali 3$y79$m335. 4 DALPA 1$j126215$qDDC 21$B124941$CPULBib$Z2$F124941 $H101324 $82 941 1 $a9 996 $6020$a88-7168-083-9$9(OLS)http://pul/number/137224 996 $6245$aLouis Althusser :$bermeneutica filosofica e interpretazione pscicoanalitica$9(OLS)http://pul/title/138554 996 $6260$aCaltanissetta :$bSolidarietą$9(OLS)http://pul/publisher/79448 LEADER 01674namaa2200361 i 4500 001 000000177343 003 CaOOAMICUS 005 20241002132132.0 008 241002s2021 it odaf u000 u ita r 020 $a979-1-259-75061-7* 032 $aLibriCat 040 $aPUL$bita 082 04$a304.8 110 2 $aFondazione Migrantes$eente emittente.$0(OLS)http://pul/name/108528 245 13$aIl diritto d'asilo, report 2021 :$bgli ostacoli verso un noi sempre pił grande /$cFondazione Migrantes. 260 $aTodi :$bTau Editrice,$c©[2021] 300 $a359 pagine :$bcarte tematiche, tabelle, grafici, illustrazioni, fotografie colorate ; $c24 cm 336 $atesto$btxt$2rdacontent 337 $asenza mediazione$an$2rdamedia 338 $avolume$bnc$2rdacarrier 500 $aIn calce al frontespizio: Fondazione Migrantes, organismo pastorale della CEI. 500 $aContributi in italiano, abstracts in inglese. 504 $aBibliografia in nota. 650 4$aDemografia$zItalia$ySec. XXI$xStudi.$0(OLS)http://pul/subject/37009 650 4$aMigrazione$zItalia$ySec. XXI.$0(OLS)http://pul/subject/42058 850 $aPUL 852 $aPUL$W1$xSL Diritto e Scienze Sociali 3$y79$m340. 8 FONMI 3$j201300$qDDC 21$B206296$CPULBib$Z2$F206296 $H137399 $82 941 1 $a9 996 $6020$a979-1-259-75061-7*$9(OLS)http://pul/number/170046 996 $6082$a304.8$9(OLS)http://pul/classification/626 996 $6245$aIl diritto d'asilo, report 2021 :$bgli ostacoli verso un noi sempre pił grande$9(OLS)http://pul/title/218853 996 $6260$aTodi :$bTau Editrice$9(OLS)http://pul/publisher/81367